LEADER 01508nam a2200325 u 4500 001 000000057000 003 CaOOAMICUS 005 20070226120533.0 008 010426s1998 fr u000 u fre u 020 $a2-204-05832-7 035 $a10886551 040 $aEFR$bita 100 1 $aCapdevila, Nestor.$0(OLS)http://pul/name/39899 245 10$aLas Casas, une politique de l'humanité :$bl'homme et l'Empire de la foi /$cNestor Capdevila. 246 30$aCasas, une politique de l'humanité 260 $aParis :$bCerf,$c1998. 300 $a380 p. ;$c24 cm 490 1 $aPassages 504 $aBibliographie: p. [367]-377. 600 14$aCasas, Bartolomé de las,$cvesc. di Chiapa,$d1474-1566.$0(OLS)http://pul/subject/17004 650 0$aIndians, Treatment of$zLatin America.$2//eng$0(OLS)http://pul/subject/22822 650 0$aHuman rights$zLatin America$xHistory$y16th century.$2//eng$0(OLS)http://pul/subject/22823 830 0$aPassages (Cerf).$0(OLS)http://pul/title/39900 850 $aPUL 852 $aPUL$W1$xSL Cons. Gen., Altre Classi 3$y75$m980 CAPNE 1$j74662$nBK-PRI$qDDC 21$B74662$CPULBib$Z2$F74662 $H88866 $82 941 1 $a9 996 $6020$a2-204-05832-7$9(OLS)http://pul/number/71962 996 $6245$aLas Casas, une politique de l'humanité :$bl'homme et l'Empire de la foi$9(OLS)http://pul/title/76270 996 $6246$aCasas, une politique de l'humanité$9(OLS)http://pul/title/76271 996 $6260$aParis :$bCerf$9(OLS)http://pul/publisher/48238 LEADER 01389nam a2200313 a 4500 001 000000174638 003 CaOOAMICUS 005 20210708142548.0 008 210708s2016 be u000 u eng r 020 $a978-94-6270-086-4* 032 $aLibriCat 040 $aPUL$bita 041 0 $aeng$alat 100 1 $aRadulphus, Brito,$cO.F.M.,$b1270 c.-1320.$0(OLS)http://pul/name/112218 245 10$aQuaestiones super Priora analytica Aristotelis /$cRadulphus Brito ; edidit Gordon A. Wilson. 260 $aLeuven :$bLeuven University Press,$c©2016. 300 $alxvi, 616 p. ;$c24 cm 490 1 $aAncient and medieval philosophy.$aSeries 1 ;$v54 500 $aComprende indice degli autori. 600 04$aAristoteles,$d384-322 a.C.$tAnalytica priora.$0(OLS)http://pul/subject/33390 700 1 $aWilson, Gordon Anthony.$0(OLS)http://pul/name/22037 830 0$aAncient and medieval philosophy.$nSeries 1 ;$v54.$0(OLS)http://pul/title/225 850 $aPUL 852 $aPUL$W1$xSL Religione 1$y3$m80 H 54$j198949$qStampati$B203581$CPULBib$Z2$F203581 $H135058 $82 941 1 $a8 996 $6020$a978-94-6270-086-4*$9(OLS)http://pul/number/168260 996 $6245$aQuaestiones super Priora analytica Aristotelis$9(OLS)http://pul/title/215943 996 $6260$aLeuven :$bLeuven University Press$9(OLS)http://pul/publisher/48301